000 00783nas a2200253 4500
001 BR2014003408
003 BR-BrBNA
005 20231205124052.0
007 ta
008 230509b bl.|||p| |||| 00| 00por d
040 _aBR-BrBNA
_bpor
_cBiblioteca Nacional de Agricultura
041 _a(Es)
072 _aK10; U10
100 1 _aBroz, D.R.
100 1 _aWoitschach, G.B.M.
100 1 _aMilanesi, G.
245 1 _aOpções reais na determinação da idade ótima de colheita para dois manejos florestais
650 _aMANEJO FLORESTAL
650 _aMODELO MATEMÁTICO
650 _aPRODUÇÃO FLORESTAL
773 0 _tCerne (Brazil)
_xISSN 0104-7760
_g(Jan-Mar 2014), v. 20(1) p. 89-96
_wBR2014003408
909 _a202311
_bLúcia
_c55
_dLúcia Elande
942 _2AGRIS
_n0
_cANA
999 _c237149
_d237149